00326nam a2200109Ia 4500008004100000020001800041040002900059050002600088100003600114245004200150260002400192221216s9999||||xx |||||||||||||| ||und|| a9781859660744 cChuka University Library aHG 4515.3b .I58 1993 aA.T. Adams……et al 0aInvestment Mathematics and Statistics aKhwerbLondonc1993